000 00717nam a2200241 i 4500
001 C2-0327818
003 PPAK
005 20180728125351.0
008 140713s2009 my |||| ||||| | may d
020 _a9789834396794
040 _aPPAK
_beng
_cPPAK
_erda
082 0 4 _a899.231
_223
090 0 0 _a899.231
_bLEE
_dG
100 1 _aLee, Selina S.F.,
_eauthor
245 1 0 _aPotret yang hilang ;
_bkumpulan puisi dan cerpen
264 1 _aTaman Seri Serdang, Selangor :
_bCitra Kurnia Enterprise ,
_c2009
300 _aix, 153 pages ;
_c22 cm
336 _2rdacontent
_atext
337 _2rdamedia
_aunmediated
338 _2rdacarrier
_avolume
650 1 0 _aMalay poetry. ; Short stories, Malay.
942 _ddc
_cB
999 _c127348
_d127348